=LDR 00000nam 2200000 4500 =001 INLIS000000000008504 =005 20130612100347 =008 ***********************************Ind** =035 ##$$0010-061300000008504 =041 ##$$a Ind =082 ##$$a 372.6 =090 ##$$a 764.6, Jun e =100 ##$$a Junaidi =245 ##$$a Het's Start Englis, JUnaidi. SS =260 ##$$a 2001 $b Jakarta =300 ##$$a 96 hlm, 21 cm =650 ##$$a Bahasa Inggris